|
|
|
|
| LEADER |
01232ncm a22002772a 4500 |
| 001 |
001264458 |
| 003 |
CZ BrMZK |
| 005 |
20150521095146.0 |
| 007 |
qu |
| 008 |
121112s1948 xr |||||||||||||||||zxx d |
| 040 |
|
|
|a BOA001
|b cze
|
| 072 |
|
7 |
|a 787
|x Hudba pro strunné a smyčcové nástroje
|2 Konspekt
|9 9
|
| 100 |
1 |
|
|a Mysliveček, Josef,
|d 1737-1781
|7 jn19990209571
|4 cmp
|
| 245 |
1 |
0 |
|a Concerto per violino per orchestra
|h [hudebnina] :
|b 2 oboi, 2 corni, 2 violini, alto, basso : edizione per violino & pianoforte /
|c Josef Mysliveček ; rev. Karel Moor & Lad. Láska ; cadenza di Karel Zoubek
|
| 260 |
|
|
|a Praha :
|b Zdeněk Vlk,
|c c1948
|
| 300 |
|
|
|a 1 partitura (25 s.) + 1 hlas (14 s.)
|
| 490 |
1 |
|
|a Vlkův dobrý výběr ;
|v 50
|
| 700 |
1 |
|
|a Moor, Karel,
|d 1873-1945
|7 jk01082024
|4 edt
|
| 700 |
1 |
|
|a Láska, Ladislav,
|d 1889-1957
|7 kup20000000055743
|4 edt
|
| 700 |
1 |
|
|a Zoubek, Karel Jan,
|d 1902-1959
|7 jo2009480478
|4 arr
|
| 830 |
|
0 |
|a Vlkův dobrý výběr
|
| 910 |
|
|
|a BOA001
|b Mus4-0230.109
|
| 990 |
|
|
|a MU
|
| 991 |
|
|
|b 201211
|
| 996 |
7 |
|
|b 2619493359
|c Mus4-0230.109
|l MZK
|r Sklad / do 1 hodiny
|n 0
|w 001298591
|u 000010
|a 1
|e BOA001
|j MZK50
|s A
|
| 996 |
6 |
|
|b 2619493360
|c Mus4-0230.109
|l MZK
|r Sklad / do 1 hodiny
|n 0
|w 001298591
|u 000020
|a 1
|e BOA001
|j MZK50
|s P
|